Déserts sur une carte du monde - Carte quiz - Statistiques

Statistiques générales
  • Ce quiz a été pris 344 fois
  • Le résultat moyen est 7 sur 21
Réponses sur la Carte
Les réponses sont colorées sur une échelle allant du rouge au vert en fonction du pourcentage des utilisateurs qui les ont devinées à leur premier essai. Vous pouvez retrouver ces pourcentages ci-dessous.
 
Statistiques - réponses
Réponse % Correct
Sahara
99%
Désert de Gobi
83%
Antarctique
63%
Désert d'Arabie
62%
Désert du Kalahari
51%
Patagonie
48%
Atacama
41%
Désert du Namib
36%
Désert de Syrie
34%
Désert de Chihuahua
24%
Grand Bassin
18%
Désert de Simpson
14%
Grand Désert de Sable
13%
Désert du Taklamakan
12%
Désert du Thar
12%
Désert de Sonora
11%
Grand Désert de Victoria
11%
Désert de Gibson
9%
Désert du Karakoum
9%
Plateau du Colorado
7%
Kyzyl Kum
6%
Aucun quiz correspondant
Distribution des résultats
% des personnes avec chaque résultat
Percentile par nombre de réponses
Votre historique - résultats
Vous n’avez pas pris ce quiz